Gaming Quiz

Random Gaming or Video Games Quiz

Asuras Wrath Characters Quiz Stats

 Plays Quiz not verified by Sporcle

Support Sporcle.
Go Orange.
Score 0/13 Timer 03:00
0 Plays Today
Hint Character % Correct
Protagonist who's Mantra Affinity is WrathAsura
100%
Daughter of the protagonist who is captured by the Seven Deities who use her Mantra abilities to help the war effortMithra
91.7%
One of the Seven Deities (Mantra Affinity is Melancholy) The game's second playable character who is Asura's longtime rivalYasha
90.1%
Leader of the Seven Deities (Mantra Affinity is Pride)Deus
89.3%
Blind member of the Seven Deities (Mantra Affinity is Greed) He is also the protagonist's former master Augus
86.8%
Wife of the Protagonist who is killed by the Seven DeitiesDurga
83.5%
The only female member of the Seven Deities (Mantra Affinity is Lust)Olga
82.6%
The gigantic member of the Seven Deities (Mantra Affinity is Violence)Wyzen
81.8%
One of the Seven Deities (Mantra Affinity is Vanity) He is the one who kills the protagonist's wifeSergei
76%
The sole being who resides in NarakaChakravartin
71.1%
The eldest member of the Seven Deities (Manta Affinity is Sloth)Kalrow
67.8%
A young girl who follows the protagonist on his quest Girl
49.6%
The figurehead of the society of Shinkoku who is brutally murdered at the start of the gameEmperor Strada
45.5%

You're not logged in!

Compare scores with friends on all Sporcle quizzes.
OR
Log In

From the Vault

Seinfeld Episodes

by Booger

We were trying to come with a profound quiz with meaning when yada, yada, yada we came up with this.
Remove Ads.
Support Sporcle.
Get the best of Sporcle when you Go Orange. This ad-free experience offers more features, more stats, and more fun while also helping to support Sporcle. Thank you for becoming a member.

Show Comments

Extras

Top Quizzes Today


Score Distribution

Your Account Isn't Verified!

In order to create a playlist on Sporcle, you need to verify the email address you used during registration. Go to your Sporcle Settings to finish the process.

Report this User

Report this user for behavior that violates our Community Guidelines.

Details: